000 00375nam a2200145Ia 4500
005 20251222151333.0
008 251222s9999||||xx |||||||||||||| ||spa||
020 _a9786123150631
082 _a808.027/C28/2014/Ej.2
100 _aCarneiro Figueroa Miguel
245 0 _aManual de Redacción Superior
250 _a3ra. ed.
264 _bEditorial San Marcos
942 _cLIB
999 _c24166
_d24166